000 01336cam a22003617a 4500
003 CHAP
005 20220329141415.0
008 971013s1986 mx r 00010 spa d
010 _a67688
011 _a68660
035 _a78133
040 _cCHAP
090 _aTesis
100 0 0 _aGarcía García, José Matías.
_946032
245 1 0 _aAdaptación de cuatro cultivares de col (Brassica oleracea var. capitata) bajo tres espaciamientos entre plantas y dos sistemas de siembra en Marín, N. L.
_c/por José Matías García García
260 _aMarín, N. L. :
_bEl autor,
_c1986
300 _a121 h.
502 _aTesis (Ing. Agrónomo Fitotecnista) -- Univ. Autónoma de Nuevo León. Fac. de Agronomía
590 _aALEPH
_b10
_c20130110
_lUCH01
_h1403
590 _aBATCH-UPD
_b10
_c20130110
_lUCH01
_h0540
590 _aBATCH-UPD
_b10
_c20130110
_lUCH01
_h2334
590 _aBATCH-UPD
_b10
_c20130410
_lUCH01
_h0221
590 _aBATCH-UPD
_b10
_c20130410
_lUCH01
_h1623
590 _aBATCH-UPD
_b10
_c20130914
_lUCH01
_h1000
590 _aCONVERSION
_b10
_c20130109
_lUCH01
_h1337
650 1 4 _aCol
_xEspaciamiento.
_924486
650 1 4 _aCol
_xNuevo León.
_924493
650 1 4 _aCol
_xVariedades.
_924501
650 1 4 _aSistemas de cultivo.
_9106746
901 _aBK
942 _cTESIS
949 _bBC
_cTES
_d-31007
_eTS1
_h20055
_i78133
_si
999 _c67688
_d67688